| 000 | 00342nam a2200121Ia 4500 | ||
|---|---|---|---|
| 008 | 230907s9999||||xx |||||||||||||| ||und|| | ||
| 082 |
_a155.9042 _bHAR |
||
| 100 |
_aHarrington, Rick. _9115622 |
||
| 245 | 0 | _aStress, health & well-being : | |
| 260 |
_aWadsworth Cengage Learning, _bBelmont, CA : _c2013 |
||
| 300 | _axix, 538 p. : | ||
| 942 | _cBK | ||
| 999 |
_c598981 _d598981 |
||